| 000 | 00865cam a22003013a 4500 | ||
|---|---|---|---|
| 001 | 3618 | ||
| 003 | PGUSA | ||
| 005 | 20140828083035.0 | ||
| 008 | 030101s2003||||xxu|||||s|||||000 | eng d | ||
| 040 |
_aPGUSA _beng |
||
| 042 | _adc | ||
| 050 | 4 | _aPR | |
| 100 | 1 |
_aShaw, Bernard, _d1856-1950 |
|
| 245 | 1 | 0 |
_aArms and the Man _h[electronic resource] / _cBernard Shaw |
| 260 |
_bProject Gutenberg, _c2003 |
||
| 506 | _aPublic domain in the USA. | ||
| 516 | _aElectronic text | ||
| 653 | _aMan-woman relationships -- Drama | ||
| 653 | _aWar -- Drama | ||
| 653 | _aLove -- Drama | ||
| 653 | _aSoldiers -- Bulgaria -- Drama | ||
| 653 | _aBulgaria -- Drama | ||
| 653 | _aItalians -- Bulgaria -- Drama | ||
| 653 | _aSerbo-Bulgarian War, 1885 -- Drama | ||
| 830 | 0 |
_aProject Gutenberg _v3618 |
|
| 856 | 4 | 0 | _uhttp://www.gutenberg.org/ebooks/3618 |
| 942 | _cEB | ||
| 999 |
_c232947 _d232947 |
||